[Event "New York op"]
[Site "New York"]
[Date "1998.03.18"]
[Round "5"]
[White "Minasian, Artashes"]
[Black "Ziatdinov, Raset"]
[Result "1-0"]
[WhiteElo "2570"]
[BlackElo "2515"]
[Annotator "Horn,Peter"]
[PlyCount "79"]
[EventDate "1998.03.16"]
[EventType "swiss"]
[EventRounds "9"]
[EventCountry "USA"]
[SourceTitle "CBM 064"]
[Source "ChessBase"]
[SourceDate "1998.06.02"]
[SourceVersion "1"]
[SourceVersionDate "1998.06.02"]
[SourceQuality "1"]

1. Nf3 d5 2. g3 Nf6 3. Bg2 e6 4. O-O Be7 5. d3 O-O 6. Nbd2 Nbd7 {Schwarz war aus irgendwelchen Gründen nicht an einer Auseinandersetzung über die Hauptvarianten interessiert.} (6... c5 7. e4 Nc6) 7. e4 dxe4 (7... c5 $6 8. e5 {Dem f6 fehlt hier das Ausweichfeld d7.}) 8. dxe4 Nc5 (8... e5 $14 {verhindert die folgende Einengung; Weiß steht aber auch hier etwas bequemer.}) 9. e5 $146 {Das kann nur deswegen eine Neuerung sein, weil diese Stellung selten auftritt: der Zug ist sehr logisch. Er klopft den weißen Raumvorteil fest und öffnet dem g2 eine schöne Diagonale.} (9. Qe2 a5 10. Rd1 Qe8 (10... b6 11. Nc4 Qe8 $14) 11. b3 Nfd7 12. Bb2 f6 13. Nd4 $14 {Sale,S-Brecevic,V/Portoroz op/1995}) ({RR} 9. Qe2 b6 10. b4 Na4 11. Qc4 a6 12. a3 Bb7 13. Qb3 b5 14. Re1 c5 15. c4 Qb6 16. Rb1 cxb4 17. axb4 Ng4 18. Re2 Rfc8 19. h3 Nf6 20. c5 Qd8 21. Ne1 a5 22. bxa5 Nxc5 23. Qe3 Rxa5 {Abanto Axmann,A (1755)-Graf,A (1889) Baden 2022 0-1}) 9... Nd5 10. b3 $146 (10. Qe2) ({RR} 10. Re1 c6 11. a3 b5 12. Nd4 Qb6 13. Qe2 Ba6 14. c4 bxc4 15. Nxc4 Qc7 16. Qc2 Rfd8 17. b4 Nb7 18. Ne3 Rac8 19. Nxd5 exd5 20. Bh3 Bc4 21. Bf4 Qb6 22. Rad1 Ra8 23. e6 f6 24. Bf5 h6 {Zolnierowicz,K (2271)-Ciemniak,K (2000) Bydgoszcz 2006 1-0}) ({RR} 10. Nc4 a5 11. Nd4 a4 12. a3 c6 13. Qh5 Bd7 14. h4 Be8 15. Qg4 f5 16. exf6 Nxf6 17. Qf4 Bh5 18. Qe5 Bf7 19. Bf4 Ng4 20. Qe2 Nf6 21. Rfe1 Nd5 22. Be5 Re8 23. Rad1 Nd7 24. Bd6 Bf6 {Valvo,M (2460)-Fedorowicz,J (2405) New York 1979 ½-½ (103)}) 10... a5 (10... Nc3 11. Qe1 $14 {[%cal Yc1b2] Der c3 kann sich nicht behaupten.}) 11. a3 (11. Bb2 a4 {Hier kann Schwarz eher auf Gegenspiel rechnen.}) 11... f5 (11... b5) (11... b6 12. Bb2 Ba6 $140 13. c4 Nd3 14. Bd4 $16) 12. Bb2 $14 {[%csl Rc8] Schwarz hat kein aktives Spiel bekommen und er muß nach wie vor das Problem des c8 lösen.} (12. exf6 $4 Bxf6 $19) 12... Bd7 13. Nd4 $1 {[%csl Rd7] alle vielleicht vorhandenen Träume von einem auf h5 feselnden  oder einer Aktivierung über c6 sind damit zerstoben.} Qe8 14. Qe2 (14. c4 Nb6 (14... Nd3 $2 15. Qc2 Nxb2 16. cxd5 $18) 15. Qc2 $14) 14... Rd8 $6 {Das erweist sich als Zeitverlust. Aber es fällt nicht leicht einen konstruktiven Plan zu finden.} 15. c4 Nb6 16. Bc3 {[%csl Gg2]} Ra8 17. f4 Qc8 18. g4 c6 {[%csl Rd7]} (18... fxg4 19. Qxg4 a4 {Ein auch nicht ganz befriedgender Versuch, zu aktivem Spiel zu kommen.} 20. b4 Nb3 21. N2xb3 (21. N4xb3 axb3 22. c5 Na4 (22... Nd5 $2 23. Bxd5 exd5 24. e6 $18) 23. Rf3 $14) 21... axb3 22. c5 Na4 23. Qh3 $14) 19. Kh1 Be8 20. Bh3 Bg6 21. Rf3 Qd7 22. Rg3 Nc8 (22... fxg4 23. Qxg4 {[%csl Re6,Rg7]}) 23. Rag1 Bh4 $2 24. R3g2 Ne7 (24... Be7 25. gxf5 exf5 26. e6 (26. Rxg6 $5) 26... Qc7 27. Nxf5 $18) (24... Bd8 25. gxf5 exf5 26. e6 Qc7 27. Nxf5 $18) (24... fxg4 25. Qxg4 $18) 25. g5 $18 {[%csl Rh4]} (25. Qe3) (25. N2f3) 25... Qe8 26. N4f3 Bh5 27. Qe3 Bxf3 28. Nxf3 Ng6 29. Qxc5 (29. Nxh4 Nxh4 30. Qxc5 Nxg2 31. Bxg2 $18) 29... Nxf4 30. Nxh4 Nxh3 31. Rf1 Qh5 32. Nf3 Nf4 33. Rd2 Rad8 34. Qe3 Qh3 35. Rff2 Nh5 36. Kg1 f4 37. Qe4 Ng3 38. hxg3 fxg3 39. Rg2 Rxd2 40. Bxd2 1-0

[Event "Dresden zt 1.2"]
[Site "Dresden"]
[Date "1998.04.28"]
[Round "1"]
[White "Milov, Vadim"]
[Black "Pelletier, Yannick"]
[Result "1-0"]
[WhiteElo "2635"]
[BlackElo "2515"]
[PlyCount "133"]
[EventDate "1998.04.28"]
[EventType "swiss"]
[EventRounds "11"]
[EventCountry "GER"]
[SourceTitle "CBM 065"]
[Source "ChessBase"]
[SourceDate "1998.08.06"]
[SourceVersion "1"]
[SourceVersionDate "1998.08.06"]
[SourceQuality "1"]

1. b3 b6 2. Bb2 Bb7 3. Nf3 Nf6 4. g3 e6 5. Bg2 c5 6. O-O Be7 7. d3 O-O 8. e4 d6 9. Nbd2 Nc6 $146 ({RR} 9... Nbd7 10. Qe2 Qc7 11. a4 a6 12. h4 b5 13. Nh2 Bc6 14. a5 Qb7 15. g4 e5 16. g5 Ne8 17. f4 exf4 18. Rxf4 Nc7 19. Raf1 Ne6 20. R4f2 Ne5 21. Bh3 Nd4 22. Bxd4 cxd4 23. Ndf3 Bd7 24. Bxd7 {Garidmagnai,B (2369)-Kiolbasa,O (2260) Tornelo INT 2020 1-0 (57)}) ({RR} 9... Nbd7 10. Qe2 Re8 11. e5 dxe5 12. Nxe5 Nxe5 13. Bxb7 Neg4 14. Bxa8 Qxa8 15. Ne4 Qd5 16. h3 Ne5 17. Rfe1 Nxe4 18. dxe4 Qd6 19. Rad1 Qc7 20. f4 Nc6 21. e5 Nb4 22. Rd2 Nxa2 23. Red1 Nb4 24. Rd7 {Aashman,G (2235)-Buscar,M (2041) chess.com INT 2023 1-0}) 10. Ne1 Nd7 11. f4 Bf6 12. Bxf6 Qxf6 13. Kh1 b5 14. a4 a6 15. Nef3 Rab8 16. Ng5 Nd4 17. Nh3 Qe7 18. g4 b4 19. Nf3 Nxf3 20. Qxf3 d5 21. e5 d4 22. Qg3 Bxg2+ 23. Qxg2 Nb6 24. f5 Nd5 25. f6 gxf6 26. exf6 Qb7 27. Ng5 Ne3 28. Qxb7 Rxb7 29. Rf3 h6 30. Ne4 Kh7 31. Rg1 Rg8 32. g5 h5 33. h4 Rc7 34. Rc1 Rd8 35. Kh2 Kg6 36. Ng3 Rc6 37. Ne2 Nd5 38. Re1 Rd7 39. Kg3 Rd8 40. Rf2 Rc7 41. Ng1 Ne3 42. Nh3 e5 43. Kf3 Rc6 44. Rfe2 Re6 45. Nf2 Rde8 46. Ne4 Rc8 47. Rc1 Nd5 48. Rf2 Rc7 49. Nd2 Rc8 50. Re2 Nc3 51. Re4 Kf5 52. Nc4 Nxe4 53. dxe4+ Kg6 54. Ke2 Rd8 55. Kd3 Rc8 56. Rf1 Kh7 57. Rf5 Rce8 58. Nd2 Rc8 59. Kc4 Rd8 60. Nf3 Rde8 61. Ne1 Rc8 62. Nd3 Rce8 63. a5 Kg6 64. Nxc5 Rc6 65. Kxb4 Kh7 66. Kc4 Rd6 67. b4 1-0

[Event "Internet blitz 5'"]
[Site "ICC INT"]
[Date "1998.08.05"]
[Round "?"]
[White "Kasparov, Garry"]
[Black "Zarnicki, Pablo Adrian"]
[Result "1-0"]
[WhiteElo "2825"]
[BlackElo "2515"]
[PlyCount "67"]
[EventDate "1998.05.24"]
[EventType "match (blitz)"]
[EventRounds "1"]
[EventCountry "USA"]
[SourceTitle "EXT 2003"]
[Source "ChessBase"]
[SourceDate "2002.11.25"]
[SourceVersion "1"]
[SourceVersionDate "2002.11.25"]
[SourceQuality "1"]

1. g3 d5 2. Bg2 c6 3. d3 Nf6 4. Nd2 g6 5. e4 Bg7 6. Ngf3 O-O 7. O-O Bg4 8. h3 Bxf3 9. Qxf3 e6 ({RR} 9... a5 10. a4 Na6 11. Qe2 dxe4 12. dxe4 Nc5 13. Nc4 Nfd7 14. e5 Qc7 15. Re1 e6 16. Bd2 Rfd8 17. b3 b6 18. Rad1 h6 19. h4 Na6 20. h5 g5 21. f4 gxf4 22. Bxf4 Nb4 23. Nd6 Nd5 24. c4 {Caruana,F (2791)-Anand,V (2785) Dubai 2014 ½-½ (58)}) 10. Qe2 Nbd7 ({RR} 10... Na6 11. e5 Nd7 12. Nf3 Nc7 13. Bf4 Qe7 14. h4 Rae8 15. Rfe1 Na8 16. Bh3 Qd8 17. Qd2 Nc7 18. Kg2 Re7 19. Re2 Rfe8 20. Rae1 Qc8 21. c3 Rf8 22. Bh6 b6 23. h5 c5 24. Bg5 Ree8 25. Qf4 {Torres,F (2056)-Belmonte,D (1797) Florianopolis BRA 2025 1-0 (31)}) 11. e5 Nh5 $146 ({RR} 11... Ne8 12. Nf3 Nc7 13. Bf4 h6 14. h4 Re8 15. d4 Qe7 16. c3 c5 17. Rfe1 Nb8 18. Qe3 cxd4 19. cxd4 Qf8 20. Bf1 Nc6 21. Rac1 a5 22. Bd3 Rec8 23. Kg2 Ne7 24. g4 Na6 25. Bb1 Rxc1 26. Rxc1 {Hartoch,R (2272)-L'Ami,E (2519) Amsterdam 2005 1-0 (31)}) ({RR} 11... Ne8 12. d4 Nc7 13. b3 c5 14. c3 Rc8 15. a4 cxd4 16. cxd4 Na6 17. Ba3 Re8 18. b4 Rc2 19. Qd3 Qc7 20. b5 Nab8 21. Rfc1 Rc8 22. Nb3 Rc3 23. Qd2 Bf8 24. Bxf8 Nxf8 25. Nc5 Rxc1+ 26. Rxc1 {Mustafayev,F (2322)-Ruiz Aguilar,P (2171) Chess.com INT 2022 1-0}) 12. Nf3 f5 13. d4 c5 14. c3 c4 15. Ne1 Rb8 16. Bf3 Qe8 17. Ng2 Bh8 18. Bxh5 gxh5 19. h4 b5 20. a3 a5 21. Nf4 b4 22. axb4 axb4 23. Nxh5 Qg6 24. Nf4 Qf7 25. Ra6 Rb6 26. Ra7 Rfb8 27. Be3 R6b7 28. Rfa1 Bg7 29. Rxb7 Rxb7 30. Ra8+ Rb8 31. Ra7 Qe8 32. Qh5 bxc3 33. bxc3 Qxh5 34. Nxh5 1-0

[Event "Saint Vincent op"]
[Site "Saint Vincent"]
[Date "1998.??.??"]
[Round "8"]
[White "Vera Gonzalez Quevedo, Reynaldo"]
[Black "Miladinovic, Igor"]
[Result "1-0"]
[WhiteElo "2535"]
[BlackElo "2565"]
[PlyCount "107"]
[EventDate "1998.06.??"]
[EventType "swiss"]
[EventRounds "9"]
[EventCountry "ITA"]
[SourceTitle "EXT 1999"]
[Source "ChessBase"]
[SourceDate "1998.11.16"]
[SourceVersion "1"]
[SourceVersionDate "1998.11.16"]
[SourceQuality "1"]

1. Nf3 d5 2. c4 d4 3. g3 g6 4. Bg2 Bg7 5. O-O e5 6. d3 Ne7 7. e3 dxe3 8. Bxe3 e4 9. Ne1 Bxb2 10. Nd2 exd3 11. Rb1 Bg7 12. Rxb7 Bxb7 13. Bxb7 Nd7 14. Bxa8 Qxa8 15. Nxd3 O-O 16. Qf3 $146 ({RR} 16. Bf4 Qd8 17. Re1 Nb6 18. Nc5 Nf5 19. Qc2 Qd4 20. Na6 c6 21. Nb4 Rc8 22. Qb3 Qd7 23. Nc2 c5 24. Ne4 h6 25. h4 Qc6 {½-½ (25) Rodriguez Garcia,Y (2039)-Bezanilla Sanchez,A (2301) Nueva Gerona 2009}) 16... Qxf3 17. Nxf3 Nb6 18. Bc5 Rd8 19. Nb4 Nec8 20. Re1 Bc3 21. Rc1 Bb2 22. Rc2 Bf6 23. Kg2 g5 24. Nc6 Re8 25. Bd4 Re6 26. Bxf6 Rxc6 27. c5 Nd7 28. Bxg5 Rxc5 29. Re2 f6 30. Be3 Rd5 31. Bf4 Nd6 32. Re6 Nf5 33. Re8+ Kf7 34. Rc8 c5 35. Nd2 Ne7 36. Rc7 a6 37. Nc4 Rd4 38. Nd6+ Ke6 39. Nb7 Rd5 40. Be3 Nf5 41. Nxc5+ Nxc5 42. Bxc5 h5 43. a4 a5 44. h3 Ke5 45. Rc6 Ke4 46. Re6+ Kd3 47. Bb6 Kc4 48. g4 hxg4 49. hxg4 Nd6 50. Bxa5 f5 51. Bc7 Ne4 52. gxf5 Nc5 53. Rc6 Kb3 54. a5 1-0

[Event "San Francisco Mechanics"]
[Site "San Francisco"]
[Date "1998.07.14"]
[Round "5"]
[White "Hodgson, Julian M"]
[Black "Atalik, Suat"]
[Result "1-0"]
[WhiteElo "2575"]
[BlackElo "2595"]
[PlyCount "53"]
[EventDate "1998.07.10"]
[EventType "tourn"]
[EventRounds "9"]
[EventCountry "USA"]
[EventCategory "10"]
[SourceTitle "CBM 066"]
[Source "ChessBase"]
[SourceDate "1998.09.30"]
[SourceVersion "1"]
[SourceVersionDate "1998.09.30"]
[SourceQuality "1"]

1. b3 d5 2. Bb2 c5 3. e3 a6 4. Nf3 Nc6 5. d4 Bg4 6. dxc5 Qa5+ 7. Nbd2 Nf6 8. a3 Qxc5 9. b4 Qd6 10. c4 e6 11. Qa4 $146 ({RR} 11. h3 Bh5 12. cxd5 Qxd5 13. Bc4 Bxf3 14. Qxf3 Qxf3 15. Nxf3 Bd6 16. g4 h6 17. O-O Ke7 18. Rfd1 Rhd8 19. Bf1 Rac8 20. Bg2 Rd7 21. Kf1 Rdc7 22. Rac1 b5 23. Rc2 a5 24. bxa5 Nxa5 25. Rxc7+ Bxc7 {Savchenko,B (2535)-Zakhartsov,V (2514) Sochi 2021 1-0 (56)}) ({RR} 11. Be2 Be7 12. h3 Bxf3 13. Bxf3 Ne5 14. O-O Nxf3+ 15. Qxf3 O-O 16. Rfd1 a5 17. b5 a4 18. e4 d4 19. e5 Qxe5 20. Qxb7 Qd6 21. Ne4 Nxe4 22. Rxd4 Nc5 23. Rxd6 Nxb7 24. Rd7 Bf6 25. Bxf6 Nc5 {Rotstein,A (2539)-Recuero Guerra,D (2350) Mondariz 2007 1-0 (38)}) 11... Be7 12. b5 Nb8 13. Ne5 Bf5 14. bxa6+ Nbd7 15. c5 Qc7 16. g4 Bc2 17. Qxc2 Nxe5 18. axb7 Rb8 19. Bb5+ Kf8 20. g5 Ne4 21. Nxe4 dxe4 22. Qxe4 Nf3+ 23. Ke2 Rxb7 24. Kxf3 Rxb5 25. Be5 Qa5 26. Rab1 f6 27. gxf6 1-0

[Event "RUS-Cup07"]
[Site "Tomsk"]
[Date "1998.07.23"]
[Round "9"]
[White "Morozevich, Alexander"]
[Black "Gleizerov, Evgeny"]
[Result "1-0"]
[WhiteElo "2590"]
[BlackElo "2545"]
[PlyCount "53"]
[EventDate "1998.07.15"]
[EventType "swiss"]
[EventRounds "9"]
[EventCountry "RUS"]
[SourceTitle "EXT 2000"]
[Source "ChessBase"]
[SourceDate "1999.11.16"]
[SourceVersion "1"]
[SourceVersionDate "1999.11.16"]
[SourceQuality "1"]

1. e4 {Psakhis,Lev} e6 2. d3 c5 3. Nf3 Nc6 4. c3 d5 5. Qe2 Nge7 6. g3 g6 7. Bg2 Bg7 8. O-O h6 9. h4 b6 10. Na3 ({RR} 10. e5 Qc7 11. Re1 Bb7 12. Na3 a6 13. Nc2 d4 14. cxd4 cxd4 15. Ncxd4 Nxd4 16. Nxd4 Rd8 17. Bxb7 Qxb7 18. Nf3 Rd7 19. Qe4 Qxe4 20. dxe4 Rd3 21. Be3 Nc6 22. Rad1 Rxd1 23. Rxd1 Nxe5 24. Nxe5 Bxe5 {Adams,M (2715)-Gurevich,M (2694) Sarajevo 2000 1-0 (41)}) ({RR} 10. e5 Ba6 11. Bf4 g5 12. hxg5 Ng6 13. Qe3 Nxf4 14. gxf4 hxg5 15. fxg5 Qc7 16. Re1 O-O-O 17. Nbd2 Rh5 18. d4 cxd4 19. cxd4 Kb8 20. Rac1 Rc8 21. Rc3 Qd7 22. Rec1 Ne7 23. Qf4 Rxc3 24. Rxc3 Nf5 {Persson,M (2268)-Vasquez Schroeder,R (2478) chess.com INT 2024 0-1 (48)}) ({RR} 10. e5 Qc7 11. Re1 Bb7 12. Na3 a6 13. Nc2 d4 14. cxd4 cxd4 15. Ncxd4 Nxd4 16. Nxd4 Rd8 17. Bxb7 Qxb7 18. Nf3 Rd7 19. Qe4 Qxe4 20. dxe4 Rd3 21. Be3) 10... Ba6 11. e5 Qc7 12. Re1 g5 $146 ({RR} 12... O-O-O 13. Bd2 g5 14. hxg5 hxg5 15. Bxg5 Rdg8 16. b4 cxb4 17. cxb4 Nxb4 18. Rac1 Nec6 19. Nd4 Kb8 20. Ndb5 Qd7 21. Qd2 Bf8 22. Bf4 Rg4 23. Rc3 d4 24. Rc4 Nd5 25. Nxd4 Nxd4 26. Rxd4 Bxa3 27. Rxd5 {Ivanisevic,I (2606)-Stevens,C (2260) Chess.com INT 2021 1-0}) ({RR} 12... Nb8 13. Bf4 Nd7 ({RR} 13... g5 14. hxg5 Ng6 15. c4 Nxf4 16. gxf4) 14. Qd2 Rd8 15. d4 ({RR} 15. Nc2) 15... Kf8 16. Bf1 ({RR} 16. Nc2 Kg8 17. Ne3) 16... Bxf1 17. Rxf1 a6 18. Qe2 ({RR} 18. Nc2) 18... Qb7 19. h5 Rc8 20. Rad1 b5 21. Nc2 c4 22. Kg2 Ke8 23. hxg6 ({RR} 23. Nh2) 23... fxg6 24. Rh1 Nf8 25. Ne3 ({RR} 25. Nh2) 25... g5 26. Bxg5 hxg5 27. Rxh8 {Rowson,J (2494)-Efimov,I (2520) Istanbul 2000 EXT 2001 [Psakhis,Lev] 0-1 (48)}) ({RR} 12... O-O 13. Bd2 Qd7 14. b4 cxb4 15. cxb4 Nf5 16. b5 Ncd4 17. Nxd4 Nxd4 18. Qg4 Nxb5 19. Qa4 Rfd8) ({RR} 12... b5 13. Nc2 b4 14. cxb4 cxb4 15. Bf4 Qb6 16. Qd2 h5 17. d4 Nf5 18. Bh3 Bc8 19. b3 Bd7 20. Rac1 a5 21. Bxf5 gxf5 22. Bg5) ({RR} 12... O-O-O 13. Rb1 Kb8 14. b4 cxb4 15. cxb4 b5 16. Nc2 Rc8 17. a4 Nxe5 18. Nfd4 g5 19. hxg5 hxg5 20. Bxg5 N7g6 21. axb5 Bxb5 22. Nxb5 Qxc2 23. Qe3) 13. hxg5 hxg5 14. Bxg5 Ng6 15. Qd1 Ngxe5 16. Nxe5 Bxe5 17. Qa4 Bb7 18. Nb5 Qb8 19. Rxe5 Qxe5 20. Bf4 Qe2 21. Nd6+ Kd7 22. Nxb7 Qxb2 23. Rc1 Rab8 24. Nd6 b5 25. Qd1 Rh7 26. Rc2 Qa3 27. Bxd5 1-0

[Event "RUS-ch51"]
[Site "St Petersburg"]
[Date "1998.07.30"]
[Round "3"]
[White "Shchekachev, Andrei"]
[Black "Aseev, Konstantin N"]
[Result "1-0"]
[WhiteElo "2560"]
[BlackElo "2525"]
[PlyCount "79"]
[EventDate "1998.07.28"]
[EventType "swiss"]
[EventRounds "11"]
[EventCountry "RUS"]
[SourceTitle "CBM 067"]
[Source "ChessBase"]
[SourceDate "1998.11.30"]
[SourceVersion "2"]
[SourceVersionDate "1998.11.01"]
[SourceQuality "1"]

1. Nf3 c5 2. g3 Nc6 3. Bg2 d5 4. O-O e5 5. d3 Nf6 6. Na3 Be7 7. e4 O-O 8. exd5 ({RR} 8. c3 dxe4 9. dxe4 h6 10. Nc4 Qc7 11. Ne3 Rd8 12. Nd5 Nxd5 13. exd5 c4 14. Re1 Be6 15. dxe6 Rxd1 16. exf7+ Kxf7 17. Rxd1 Rd8 18. Re1 Kg8 19. Be3 b5 20. h4 a6 21. a4 b4 22. Rad1 Rxd1 {Carlsen,M (2830)-Narayanan,S (2695) chess.com INT 2024 ½-½ (44)}) ({RR} 8. c3 Re8 9. Re1 Bf8 10. Bg5 d4 11. c4 h6 12. Bd2 g6 13. Rf1 Bg7 14. Nh4 g5 15. Nf5 Bxf5 16. exf5 e4 17. dxe4 Nxe4 18. Re1 Nd6 19. Rxe8+ Qxe8 20. Nb5 Qd7 21. Nxd6 Qxd6 22. Qh5 Re8 {Injac,T (2453)-Atalik,E (2395) Monaco MNC 2025 0-1 (36)}) 8... Nxd5 9. Re1 Bf6 $146 ({RR} 9... f6 10. c3 Be6 11. d4 cxd4 12. cxd4 Bb4 13. Bd2 Bxa3 14. bxa3 Bg4 15. h3 Bxf3 16. Qxf3 Nb6 17. d5 Nd4 18. Qd3 Kh8 19. f4 Rc8 20. fxe5 fxe5 21. Rxe5 Nc2 22. Rc1 Qf6 23. Bf4 Nb4 24. Qe2 {Baradaran Tamadon,A (2304)-Kuru,A (2284) chess.com INT 2024 1-0}) ({RR} 9... f6 10. c3 Nb6 11. d4 cxd4 12. cxd4 Bxa3 13. Qb3+ Kh8 14. Qxa3 exd4 15. Bf4 Bg4 16. h3 Bxf3 17. Bxf3 Qd7 18. Bg4 f5 19. Bf3 Rfe8 20. Rad1 Rad8 21. Rxe8+ Rxe8 22. Qc5 h6 23. Bxc6 bxc6 24. Rxd4 {Arencibia Rodriguez,W (2529)-Volzhin,A (2548) Varadero 2000 ½-½ (34)}) 10. Nc4 Re8 11. a4 Rb8 12. Bg5 Bxg5 13. Nxg5 Qxg5 14. Bxd5 Bg4 15. f3 Bd7 16. c3 Qf6 17. Qe2 b6 18. a5 b5 19. Nd2 Qd6 20. Ba2 Qc7 21. Nb3 Nd8 22. Qe3 Rc8 23. f4 c4 24. dxc4 bxc4 25. Nd2 Bb5 26. fxe5 Nc6 27. Nxc4 Bxc4 28. Bxc4 Rxe5 29. Qf2 Rxe1+ 30. Rxe1 Nxa5 31. Bd5 Nc6 32. Bxc6 Qxc6 33. Qxa7 h5 34. Qd4 Rb8 35. b4 Qc7 36. Re5 Rd8 37. Qe3 Qc6 38. Kf2 g6 39. b5 Qd7 40. c4 1-0

[Event "Karl Wagner Memorial 5th"]
[Site "Graz"]
[Date "1998.09.12"]
[Round "8.3"]
[White "Loginov, Valery A"]
[Black "Zoler, Dan"]
[Result "1-0"]
[WhiteElo "2520"]
[BlackElo "2500"]
[PlyCount "105"]
[EventDate "1998.09.??"]
[EventType "swiss"]
[EventRounds "9"]
[EventCountry "AUT"]
[SourceTitle "EXT 1999"]
[Source "ChessBase"]
[SourceDate "1998.11.16"]
[SourceVersion "1"]
[SourceVersionDate "1998.11.16"]
[SourceQuality "1"]

1. Nf3 c5 2. g3 b6 3. Bg2 Bb7 4. O-O g6 5. d3 Bg7 6. e4 Nc6 ({RR} 6... Nh6 7. c3 O-O 8. Re1 f5 9. Bxh6 Bxh6 10. exf5 gxf5 11. d4 e6 12. Nbd2 Bxd2 13. Qxd2 Na6 14. Rad1 Rc8 15. Nh4 Bxg2 16. Nxg2 cxd4 17. Qxd4 Nb8 18. Nf4 Qf6 19. Qa4 Rc7 20. Rd6 Qf7 21. Red1 {Loginov,V (2525)-Welling,G (2415) Velden 1995 1-0 (34)}) 7. c3 ({RR} 7. Re1 e5 8. c3 Nge7 9. a3 O-O 10. b4 d6 11. Nbd2 h6 12. Bb2 f5 13. exf5 Nxf5 14. b5 Na5 15. d4 exd4 16. cxd4 Kh7 17. Rb1 c4 18. Bc3 Rc8 19. Rc1 Bxf3 20. Nxf3 Nb3 21. Rc2 Qd7 {Grandelius,N (2657)-Xiong,J (2692) chess.com INT 2022 0-1 (42)}) 7... e5 ({RR} 7... e6 8. a4 Nge7 9. Na3 O-O 10. h3 d5 11. Qc2 Rc8 12. Re1 d4 13. Nc4 a6 14. Bf4 Ba8 15. Qb3 dxc3 16. bxc3 Qxd3 17. Re3 Qd8 18. Rd1 Qe8 19. Qxb6 f6 20. Nd6 Qd7 21. Red3 e5 22. Be3 {Swiatlowski,L (2199)-Hald Falkesgaard,J (2321) chess.com INT 2024 1-0 (35)}) 8. b4 $146 ({RR} 8. Na3 Nge7 9. d4 Ba6 10. Re1 exd4 11. cxd4 Nxd4 12. Nxd4 Bxd4 13. e5 O-O 14. Nc2 Nc6 15. Nxd4 cxd4 16. h4 f6 {½-½ (16) Stefanov,P (2315)-Dobosz,H (2361) Nittenau 2001}) 8... cxb4 9. cxb4 Nge7 10. b5 Na5 11. Ba3 d6 12. Qa4 Qd7 13. Qb4 Rd8 14. Nbd2 O-O 15. Rac1 Rfe8 16. Ng5 h6 17. Bh3 f5 18. Ngf3 Ba8 19. Rfe1 Nb7 20. Qc4+ Kh8 21. Nh4 d5 22. Qc7 Nd6 23. exf5 gxf5 24. Qxd7 Rxd7 25. Bxd6 Rxd6 26. Rc7 e4 27. Rec1 Bf6 28. Nxf5 Nxf5 29. Bxf5 Bg5 30. R1c2 e3 31. fxe3 Bxe3+ 32. Kg2 Rf6 33. g4 Bc5 34. Nb3 Bd6 35. Rc8 d4+ 36. Kf1 Rff8 37. Nxd4 Bc5 38. Rxe8 Rxe8 39. Nc6 Re3 40. d4 Bd6 41. h4 h5 42. Re2 Rf3+ 43. Ke1 Kg7 44. Re6 Bg3+ 45. Ke2 hxg4 46. Bxg4 Rf4 47. Bf3 Rxh4 48. Be4 Kf8 49. Kf3 Bc7 50. d5 Rh3+ 51. Kg4 Re3 52. Kf5 Bb7 53. d6 1-0

[Event "Olympiad-33"]
[Site "Elista"]
[Date "1998.10.01"]
[Round "3.3"]
[White "Dizdarevic, Emir"]
[Black "Kunte, Abhijit"]
[Result "1-0"]
[WhiteElo "2530"]
[BlackElo "2505"]
[PlyCount "129"]
[EventDate "1998.09.29"]
[EventType "team-swiss"]
[EventRounds "13"]
[EventCountry "RUS"]
[SourceTitle "CBM 068"]
[Source "ChessBase"]
[SourceDate "1999.02.01"]
[SourceVersion "1"]
[SourceVersionDate "1999.02.01"]
[SourceQuality "1"]
[WhiteTeam "Bosnia&Herzegovina"]
[BlackTeam "India"]
[WhiteTeamCountry "BIH"]
[BlackTeamCountry "IND"]

1. Nf3 Nf6 2. g3 b6 3. Bg2 Bb7 4. O-O c5 5. d3 g6 6. e4 d6 7. Ng5 h6 ({RR} 7... Nc6 8. f4 Qc7 9. Nc3 Bg7 10. Be3 h6 11. Nh3 a6 12. Nf2 h5 13. h3 e6 14. Ne2 b5 15. c3 O-O 16. d4 cxd4 17. cxd4 d5 18. e5 Ne4 19. Nxe4 dxe4 20. Rc1 Qd7 21. Nc3 Nb4 22. Nxe4 {Carlsen,M (2834)-Azarov,S (2567) Chess.com INT 2018 1-0 (37)}) 8. Nh3 Nc6 9. f4 Bg7 10. c3 $146 ({RR} 10. Na3 O-O 11. c3 a6 12. Nc4 b5 13. Ne3 e6 14. g4 Nh7 15. g5 Ne7 16. Qe1 d5 17. gxh6 Bh8 18. e5 Qb6 19. Ng4 Nf5 20. Be3 d4 21. cxd4 Bxg2 22. Kxg2 Qc6+ 23. Kf2 Nh4 24. Kg3 Nf5+ {Savchenko,B (2550)-Pantsulaia,L (2609) Bikaner 2022 ½-½}) ({RR} 10. Na3 O-O 11. c3 a6 12. Nc4 b5 13. Ne3 e6 14. g4 Nh7 15. g5 Ne7 16. Qe1 d5 17. gxh6 Bh8 18. e5 Qb6 19. Ng4 Nf5 20. Be3 d4 21. cxd4 Bxg2 22. Kxg2 Qc6+ 23. Kf2 Nh4 24. Kg3 Nf5+ {Savchenko,B (2550)-Pantsulaia,L (2609) Bikaner 2022 ½-½}) 10... e6 11. Nd2 d5 12. e5 Ng8 13. Nf3 Nge7 14. Nf2 Nf5 15. Re1 Qc7 16. g4 Nfe7 17. d4 c4 18. Nh1 Bc8 19. Ng3 Bd7 20. Qc2 f5 21. exf6 Bxf6 22. Bd2 O-O-O 23. Re2 h5 24. g5 Bg7 25. Nh4 Rhg8 26. Kh1 Bh8 27. Rae1 Qd6 28. b3 cxb3 29. axb3 Rdf8 30. Rf1 Re8 31. Rfe1 Ref8 32. Qc1 Nf5 33. Ngxf5 exf5 34. Nf3 Kb8 35. Qa1 Re8 36. Ne5 Nxe5 37. dxe5 Qe6 38. Be3 Bc6 39. Rd2 Rd8 40. Qa2 Rd7 41. Red1 Rgd8 42. b4 Bg7 43. Kg1 Bf8 44. Rd4 Be7 45. Bf1 Bf8 46. Bf2 Qf7 47. Ra1 Rc8 48. Rd2 Qe6 49. Bd4 Rf7 50. Qa6 Rb7 51. Rda2 Rcc7 52. Qd3 Be8 53. Bg2 Rc4 54. Qf3 Rd7 55. Qf2 Rc8 56. Ra6 Rb7 57. Qa2 Qe7 58. Bxd5 Bc6 59. e6 Bg7 60. Bxg7 Qxg7 61. Ra3 Bxd5 62. Qxd5 Rxc3 63. Rxc3 Qxc3 64. Qd8+ Qc8 65. e7 1-0

[Event "Olympiad-33"]
[Site "Elista"]
[Date "1998.10.07"]
[Round "9.1"]
[White "Istratescu, Andrei"]
[Black "Torre, Eugenio"]
[Result "1-0"]
[WhiteElo "2540"]
[BlackElo "2545"]
[PlyCount "81"]
[EventDate "1998.09.29"]
[EventType "team-swiss"]
[EventRounds "13"]
[EventCountry "RUS"]
[SourceTitle "CBM 068"]
[Source "ChessBase"]
[SourceDate "1999.02.01"]
[SourceVersion "1"]
[SourceVersionDate "1999.02.01"]
[SourceQuality "1"]
[WhiteTeam "Romania"]
[BlackTeam "Philippines"]
[WhiteTeamCountry "ROU"]
[BlackTeamCountry "PHI"]

1. Nf3 Nf6 2. g3 d5 3. Bg2 c6 4. O-O Bg4 5. d3 Nbd7 6. Nbd2 e5 7. h3 Bh5 8. e4 dxe4 9. dxe4 Be7 10. a4 a5 11. Qe2 O-O 12. b3 Re8 13. Bb2 Qc7 14. Rfd1 Bb4 $146 ({RR} 14... Bc5 15. Nf1 Nf8 16. Rd2 {½-½ (16) Lau,R (2495)-Boensch,U (2510) Potsdam 1988}) 15. Nc4 Bxf3 16. Bxf3 Nf8 17. h4 N6d7 18. Bg4 f6 19. Ne3 Ne6 20. Qc4 Ndf8 21. Kg2 Kh8 22. h5 h6 23. Nf5 Rad8 24. Rxd8 Qxd8 25. Rd1 Qc7 26. c3 Bc5 27. Nh4 b6 28. Bc1 Qf7 29. Ng6+ Kg8 30. Bf5 Nd8 31. Qxf7+ Nxf7 32. Be3 Rd8 33. Bxc5 bxc5 34. Ne7+ Kh8 35. Rxd8 Nxd8 36. Kf3 c4 37. b4 axb4 38. cxb4 c5 39. bxc5 Nfe6 40. Bxe6 Nxe6 41. c6 1-0